5-Hour Road Trip (New York) Quiz Stats

Quiz Updated Jan 16, 2015

Also try: Movie Road Trips
Challenge
Share
Tweet
Embed
Score 0/10 Timer 10:00
0 Plays Today
% Correct
Boston, MA
91%
Philadelphia, PA
88.1%
Providence, RI
80.8%
Montauk, NY
77.7%
Washington, D.C.
71.4%
Syracuse, NY
71%
Ocean City, MD
59.9%
Manchester, NH
57.4%
State College, PA
54.3%
Martinsburg, WV
24.7%

You're not logged in!

Compare scores with friends on all Sporcle quizzes.
Sign Up with Email
OR
Log In

You Might Also Like...

Show Comments

Extras

Top Quizzes Today


Score Distribution

Your Account Isn't Verified!

In order to create a playlist on Sporcle, you need to verify the email address you used during registration. Go to your Sporcle Settings to finish the process.